000 00717nam a22002175i 4500
999 _c155624
_d155624
005 20190211114335.0
010 _aB-7012230
020 _a9789357940689
_c295.00
035 _aB-701230
037 _bDBAD
_adpl
082 _a005
100 1 _aMehra, Navneet
245 1 0 _aNational cyber Olympiad - 10 /
_cby Navneet Mehra [and ] Ishita Bhown
260 _bV & S Publishers
_c2016
_aNew Delhi
270 _aF-2/16, Ansari Road, Darya Ganj
_bNew Delhi
_e110002
300 _a200 p ;
_b24cm (pbk)
_cIllus.
_eC.D.Rome
490 _aThe Gen. X series
_v10
700 _aBhown, Ishita
942 _2ddc
_cCH
_h005
_mMEH